| 000 | 00489nam a2200157Ia 4500 | ||
|---|---|---|---|
| 003 | GCL | ||
| 008 | 140319s9999 xx 000 0 eng d | ||
| 040 |
_aGCL / _cGCL |
||
| 082 | 0 | 4 |
_a923.1 _bM C |
| 100 | 1 | _aMARANISS, DAVID | |
| 245 | 1 | 0 |
_aTHE CLINTON ENIGMA : _bA FOUR AND A HALF MINUTE SPEECH REVEALS THIS PRESIDENT ENTIRE LIFE / _cMARANISS, DAVID |
| 260 |
_a[S.N] : _bSIMON & SCHUS TER, INC ، _c1998 |
||
| 300 |
_a20 CM ؛ _c110 P |
||
| 650 | 0 | 4 | _aCLINTON, BILL, 1946 - |
| 942 |
_2ddc _cBK |
||
| 999 |
_c4768 _d4768 |
||